000 00421nam a2200181Ia 4500
001 4428
005 20260306145755.0
008 260306t1953||||xx |||||||||||||| ||spa||
041 _aESP
082 _a321.8
_bP19
100 _aPalacios, Jose Antonio
_eAUT
245 0 _aEl mito de la democracia
260 _c1953
300 _a425 páginas :
_c21 cm.
650 _aGEN
654 _aCDE
942 _cLIB
_dJUS
_fJUS
_2ddc
_n
999 _c4428
_d4428